00461nam a2200157 a 45000010005000000030005000050050017000100080041000270200015000680400020000832450110001032600027002133000011002404900026002516100026002774990CDMR20141230124552.0130130s1978||||||||||||||||||||||||||||d a8428507252 aCDMRbcatcCDMR 3aLa Iglesia ante los medios de comunicación socialb: ponencias de la XXIX Asamblea Episcopal Española aMadridc1978bPaulinas a287 p.0 aTeología y Pastoral2 aEsglésia Catòlica